1322 1152 1536 1881 1399 1042 1672 1199 1667 1888 1532 1903 1313 1915 1399 1665 1468 1026 1740 1310 1073 1764 1997 1391 1001 1338 2000 1904 1312 1697 1068 1433 1178 1542 1367 1056 1205 1186 1785 1865 1857 1321 1444 1168 1042 1468 1225 1648 1360 1321 1042 1167 1199 1449 1931 1771 1516 1642 1316 1717 1675 1469 1085 1304 1307 1173 1004 1597 1694 1187 1359 1411 1050 1837 1865 1725 1738 1440 1311 1269 1369 1969 1783 1577 1612 1101 1723 1847 1567 1139 1236 1971 1058 1797 1153 1990 1507 1897 1523 BCNSPRNW ULIB Ver.6.0+V

เปลี่ยนเป็นภาษาไทย

Change to English
 แสดงรายละเอียดบรรณานุกรม
  กลับหน้าหลัก

Brief Record : Get Marc (ISO 2709) : E-mail record : QR code < ปิดหน้าต่าง
LEADER : 00000nam 2200000uu 4500
001    13399110948
003     ULIB
008    110614s||||||||th 000 0 tha d
020    9789743239250
050  4 AC158^bว296ส 2550
100 0  วรากรณ์ สามโกเศศ
245 10 สนุกกับของไม่ฟรี (โลกนี้ไม่มีอะไรฟรี ภาค 7) /^cวรากรณ์ สามโกเศศ
250    พิมพ์ครั้งที่ 1
260    กรุงเทพฯ :^bมติชน,^c2550
300    215 หน้า :^bภาพประกอบ ;^c22 ซม.
650  7 เศรษฐศาสตร์^vรวมเรื่อง
945    ^p150^l0^i023144
995    ทศพร
999 ^a ใช้งานได้ทุกระบบ
รายการนี้ยังไม่มีแท็ก
คุณยังไม่ได้ล็อกอิน คุณสามารถมีกิจกรรมร่วมกับเว็บไซต์ได้ แต่ต้องล็อกอินก่อน ::
  ล็อกอิน

รายการสื่อสารสนเทศ

ลำดับที่ ประเภท เลขเรียก/บาร์โค้ด สถานที่ สถานะ
- ไม่พบข้อมูล -

รายการใกล้เคียง
    ผู้แต่ง [วรากรณ์ สามโกเศศ]

BibComment


ยังไม่เคยถูกคอมเมนท์

คอมเมนท์ทรัพยากรรายการนี้
  คอมเมนท์: สนุกกับของไม่ฟรี ..


 Copyright 2026. Bcnsprnw @Library